000 01220nam a2200337 a 4500
001 BRCA_8686
005 20190320210352.0
008 081216s1962----sp-#######---#000-0#spa-#
041 _aspa
044 _asp
050 4 _aBV4828
_b.K46
_c1962
100 1 _aKempis, Tomas de
_921658
245 1 0 _aImitación de cristo
_cPor Fr. Tomas de Kempis ; tr. Luis de Granada.
260 _aBarcelona
_bValles, S.L.
_c1962
300 _a773 p.
_c9 cm
500 _aFondo antiguo
500 _aSe encuentra en Caja Fuerte
500 _aLAR00002
500 _aIncluye una lámina con la imagen de Cristo cruficado
500 _aIncluye índice
500 _aTítulo en contraportada
500 _aUso de letras capitulares
500 _aNota de encuadernación: en piel con broche, edición de cantos dorados, conservado en estuche de piel
500 _aDidicatoria en la guarda: para Rebeca con mi más sincero cariño, Tere
505 0 _aContiene: Santa misa y otras oraciones
506 0 _aFondo reservado: para su consulta es necesario credencial de usuario y carta de motivos
650 1 4 _aJesucristo
_eVida espiritual
_921659
700 1 _aGranada, Luis de
_etr.
_921660
902 _aLAR
942 _2lcc
_cB
999 _c8341
_d8341